| 000 | 00604nam a2200181 i 4500 | ||
|---|---|---|---|
| 001 | 70399 | ||
| 003 | ES-MaACL | ||
| 005 | 20230906170816.0 | ||
| 007 | t| | ||
| 008 | 040723s1963 sp ||||1| spa d | ||
| 100 | 1 |
_aGarcía Santesmases, José. _955272 |
|
| 245 | 1 | 0 |
_aDiscurso correspondiente a la solemne apertura del curso académico 1963-1964 / _cpor José García Santesmases. |
| 260 |
_aMadrid : _b[s.n., _c1963] ( _fEstades) |
||
| 300 |
_a49 p. ; _c25 cm. |
||
| 500 | _aPrecede al tít.: Universidad de Madrid. | ||
| 710 | 2 |
_aUniversidad de Madrid. _97205 |
|
| 852 |
_aES-MaACL _jC-25340 _bR.53600 |
||
| 999 |
_c70399 _d70399 |
||